Città più popolose non Capoluogo Marche - Statistics

Statistiche generali
  • Questo quiz è stato fatto 46 volte
    26 dall'ultimo reset
  • Il punteggio medio è 7 su 10
Statistiche sulle risposte
Popolazione Provincia Città % Corretto
47 277 Ascoli Piceno San Benedetto del Tronto
95%
60 925 Pesaro e Urbino Fano
89%
44 626 Ancona Senigallia
84%
42 692 Macerata Civitanova Marche
79%
39 992 Ancona Jesi
68%
25 324 Fermo Porto Sant'Elpidio
68%
30 228 Ancona Fabriano
63%
34 907 Ancona Osimo
58%
26 710 Ancona Falconara Marittima
53%
21 416 Macerata Recanati
47%
Nessun quiz corrispondente trovato
Distribuzione punteggi
Percentuale di utenti per punteggio
Percentile per numero di risposta
I tuoi punteggi nel tempo
Non hai fatto questo quiz dall'ultimo reset